Statistics for Least Guessed European Countries on JetPunk

Click here to take the quiz!

General Stats

  • This quiz has been taken 1,792 times
  • The average score is 21 of 23

Answer Stats

% GuessedCountry% Correct
81%Latvia
95%
72%Liechtenstein
95%
66%San Marino
95%
77%Andorra
94%
82%Estonia
94%
78%Slovenia
94%
80%Lithuania
93%
82%Luxembourg
93%
82%Slovakia
93%
80%Vatican City
93%
64%Kosovo
92%
75%Serbia
92%
77%Belarus
91%
77%Bosnia and Herzegovina
90%
71%Malta
90%
64%Moldova
90%
65%Montenegro
90%
76%Bulgaria
89%
79%Albania
88%
81%Croatia
88%
73%Monaco
88%
82%Romania
87%
70%Macedonia
81%

Score Distribution

Percentile by Number Answered

Percent of People with Each Score

Your Score History

You have not taken this quiz